000 02348nam0a22004811 4500
001 rc\2254076
005 20110826153700.1
035 _a(NLR Aleph) 006525446
090 _a6476136
_c6476136
100 _a20110826d1979 |||y0rusy50 ca
101 0 _arus
_adan
102 _aRU
105 _ay e |||||
200 1 _aКарманный датско-русский и русско-датский словарь
_dDansk-russisk og russisk-dansk lommeordbog
_f[И.Г. Звегинцева, А.С. Новакович, Н.И. Крымова, А.Я. Эмзина]
205 _a2-е изд., перераб. и доп.
210 _aМосква
_cРус. яз.
_d1979
215 _a485 с.
_d17
300 _aАвт. указаны на обороте тит. л.
300 _aЗагл. 3-го изд.: Датско-русский и русско-датский словарь
300 _a1-е изд.: Карманный датско-русский словарь / Васильева И.Г., Новакович А.С.
300 _aЗагл. пер.: Датско-русский, русско-датский словарь
451 0 _12001#$aКарманный датско-русский словарь$eВасильева И.Г., Новакович А.С.
_1205##$a1-е изд.
510 0 _aDansk-russisk og russisk-dansk lommeordbog
_zdan
517 0 _aДатско-русский, русско-датский словарь
517 0 _aДатско-русский и русско-датский словарь
606 _aРусско-датские словари
_2psbo
606 _aДатский язык
_jСловари
_xРусский язык
_2psbo
606 _aРусский язык
_jСловари
_xДатский язык
_2psbo
606 _aДатско-русские словари
_2psbo
686 _aШ141.2-963дат.-48
_2rubbk
686 _aШ143.31-48
_2rubbk
686 _a81.2Д-4
_2rubbk
701 1 _aНовакович
_bА. С.
701 1 _aКрымова
_bН. И.
701 1 _aЗвегинцева
_bИ. Г.
_gИнна Георгиевна
701 1 _aЭмзина
_bА. Я.
801 0 _aRU
_bNLR
_gpsbo
801 1 _aRU
_bELAR
_2rusmarc
852 _aNLR
_j186дат-рус/К24
899 _aRuMoRGB
_jB 79-26/214
899 _aRuMoRGB
_jB 79-26/213
942 _cBOOK
980 _aNB